Learn Portuguese day/months - Statistics

General Stats
  • This quiz has been taken 4 times
  • The average score is 14 of 19
Answer Stats
English Portuguese / Português % Correct
Sunday Domingo
100%
January Janeiro
100%
Wednesday Quarta-feira
100%
Thursday Quinta-feira
100%
Saturday Sábado
100%
Monday Segunda-feira
100%
Friday Sexta-feira
100%
Tuesday Terça-feira
100%
April Abril
67%
August Agosto
67%
July Julho
67%
June Junho
67%
May Maio
67%
March Março
67%
December Dezembro
33%
February Fevereiro
33%
November Novembro
33%
October Outubro
33%
September Setembro
33%
No matching quizzes found
Score Distribution
Percent of People with Each Score
Percentile by Number Answered
Your Score History
You have not taken this quiz